Online
Catalog

El narciso en su opinión = El lindo don Diego / (Record no. 17838)

MARC details
000 -CABECERA
campo de control de longitud fija 01064cam a2200301 a 4500
001 - NÚMERO DE CONTROL
campo de control 000018317
003 - IDENTIFICADOR DEL NÚMERO DE CONTROL
campo de control UkOxU
005 - FECHA Y HORA DE LA ÚLTIMA TRANSACCIÓN
campo de control 20200929165443.0
008 - DATOS DE LONGITUD FIJA--INFORMACIÓN GENERAL
campo de control de longitud fija 880808s1968 sp b 000 p spa d
035 ## - NÚMERO DE CONTROL DEL SISTEMA
Número de control de sistema oxf98410936
040 ## - FUENTE DE LA CATALOGACIÓN
Centro catalogador/agencia de origen DO-SdBNP
Centro/agencia modificador m.c
-- m/c
-- EQO
-- BNPHU
082 ## - NÚMERO DE LA CLASIFICACIÓN DECIMAL DEWEY
Número de clasificación 863.3
Número de documento/Ítem C355n
049 ## - FONDOS LOCALES (OCLC)
Fondos de biblioteca BNGR
100 1# - ENTRADA PRINCIPAL--NOMBRE DE PERSONA
Nombre de persona Castro, Guillén de,
Fechas asociadas al nombre 1569-1631.
9 (RLIN) 8198
245 13 - MENCIÓN DE TÍTULO
Título El narciso en su opinión = El lindo don Diego /
Mención de responsabilidad, etc. Guillén de Castro, Agustín de Moreto ; edición e introducción de A. V. Ebersole.
246 1# - FORMA VARIANTE DE TÍTULO
Título propio/Titulo breve El lindo don Diego.
260 ## - PUBLICACIÓN, DISTRIBUCIÓN, ETC.
Lugar de publicación, distribución, etc. Madrid :
Nombre del editor, distribuidor, etc. Taurus,
Fecha de publicación, distribución, etc. 1968.
300 ## - DESCRIPCIÓN FÍSICA
Extensión 339 p. ;
Dimensiones 18 cm.
490 1# - MENCIÓN DE SERIE
Mención de serie Temas de España
Designación de volumen o secuencia 73
500 ## - NOTA GENERAL
Nota general ortografía modernizada
504 ## - NOTA DE BIBLIOGRAFÍA, ETC.
Nota de bibliografía, etc. Bibliografía selecta: p. 23-24
650 #4 - PUNTO DE ACCESO ADICIONAL DE MATERIA--TÉRMINO DE MATERIA
Término de materia o nombre geográfico como elemento de entrada Novela española
9 (RLIN) 1123
650 #4 - PUNTO DE ACCESO ADICIONAL DE MATERIA--TÉRMINO DE MATERIA
Término de materia o nombre geográfico como elemento de entrada Literatura española
Subdivisión cronológica SIGLO XVII
9 (RLIN) 15578
700 1# - PUNTO DE ACCESO ADICIONAL--NOMBRE DE PERSONA
Nombre de persona Ebersole, Alva Vernon.
Término indicativo de función/relación ed.
9 (RLIN) 39671
700 1# - PUNTO DE ACCESO ADICIONAL--NOMBRE DE PERSONA
Nombre de persona Moreto, Agustín,
Fechas asociadas al nombre 1618-1669.
Título de la obra Lindo don Diego.
Fecha de publicación/de la obra 1968.
9 (RLIN) 39672
830 #0 - PUNTO DE ACCESO ADICIONAL DE SERIE-TÍTULO UNIFORME
Título uniforme Temas de España ;
Designación de volumen o secuencia 73.
9 (RLIN) 6849
910 ## - DATOS DE OPCIÓN DEL USUARIO (OCLC)
Datos de opción del usuario Catalogación por derivada /Oxford
Holdings
Estado de retiro Estado de pérdida Restricciones de uso No para préstamo Código de colección Localización permanente Ubicación/localización actual Ubicación en estantería Fecha de adquisición Número de inventario Total de préstamos Signatura topográfica completa Código de barras Fecha visto por última vez Precio válido a partir de Tipo de ítem Koha
        Monografías: Libros y Folletos General General En catalogación 27.04.2010 LF1   863.3 C355n 18317-10 25.06.2020 25.06.2020 Préstamo en sala

Powered by Koha